3-Word '10s Movies Quiz Stats

 Plays Quiz Updated May 17, 2017

Support Sporcle.
Go Orange.
Score 0/24 Timer 03:00
0 Plays Today
% Correct
Silver
90.7%
Fifty
90.4%
Dallas
90.3%
Life
89.6%
La
85.2%
The
84.5%
Zero
83.4%
World
82.3%
Star
78.8%
22
75.6%
Saving
73.1%
10
71.7%
% Correct
No
71%
Edge
68.9%
Midnight
67.6%
Need
59.4%
Big
58.4%
20th
49%
Inside
48.8%
Only
45.2%
Killing
41%
Let
38%
Under
37.3%
A
30.4%

You're not logged in!

Compare scores with friends on all Sporcle quizzes.
OR
Log In
Forgot?

From the Vault

10 Closest Capitals to Pretoria

by RobPro

Cape Town and Bloemfontein would be clever guesses, but that's not what we're looking for here.
Remove Ads.
Support Sporcle.
Get the best of Sporcle when you Go Orange. This ad-free experience offers more features, more stats, and more fun while also helping to support Sporcle. Thank you for becoming a member.

Show Comments

Extras

Top Quizzes Today


Score Distribution

Your Account Isn't Verified!

In order to create a playlist on Sporcle, you need to verify the email address you used during registration. Go to your Sporcle Settings to finish the process.

Report this User

Report this user for behavior that violates our Community Guidelines.

Details: